00629cam a2200217 a 4500001000800000005001700008008004100025020001600066040001800082082002100100100001500121245006100136260004000197300001800237650001000255650001700265650001700282942000600299952009100305999001500396210525720250120031709.0960416s1996 ne a b 001 0 eng  a9004106421  aDLCcDLCdDLC00a305.427058bAMI1 aAmin, S. N14aThe World of Muslim Women in Colonial Bengal,c1876-1939 aLeidenaNew YorkbE.J. Brillc1996. axxii, 313 p., 0aWomen 0aMuslim women 0aColonialism  cL 001040708LaWERCLbWERCLd2025-01-20l0o305,4 AMIp7058r2025-01-20w2025-01-20yL c5953d5953